Capitali del Mondo più Fredde - Statistics

Statistiche generali
  • Questo quiz è stato fatto 4.154 volte
  • Il punteggio medio è 13 su 19
Statistiche sulle risposte
°C Capitale Paese % Corretto
5.8 Mosca Russia
98%
6.8 Oslo Norvegia
95%
5.9 Helsinki Finlandia
91%
7.6 Stoccolma Svezia
88%
6.6 Ottawa Canada
87%
4.7 Reykjavík Islanda
83%
6.1 Riga Lettonia
77%
5.9 Tallinn Estonia
76%
9.1 Copenaghen Danimarca
74%
9.3 Berlino Germania
70%
6.7 Vilnius Lituania
69%
6.7 Minsk Bielorussia
65%
8.5 Varsavia Polonia
65%
8.4 Kiev Ucraina
61%
-0.4 Ulan Bator Mongolia
55%
3.5 Astana Kazakistan
46%
8.8 Berna Svizzera
41%
8.8 La Paz Bolivia
20%
9.3 Lussemburgo Lussemburgo
19%
Nessun quiz corrispondente trovato
Distribuzione punteggi
Percentuale di utenti per punteggio
Percentile per numero di risposta
I tuoi punteggi nel tempo
Non hai fatto questo quiz